00444 a2200109 4500020001800000082001600018100002000034245017500054260005100229300003200280650002200312 a9789695460153 a620.135 RIZ aSyed Ali Rizwan aProceedings of International Conference on Advances in Cement Based Materials and Applications in civil Infrastructure (ACBM-ACI) [vol. 1]cSyed ALi Rizwan, Abdul Ghaffar aPakistan :bUET Lahore, A One Publishersc2007 axii, 584p. :bill. ;c26 cm aCement -Materials